000 00763nas a2200217 4500
001 BR9200356
003 BR-BrBNA
005 20231205092239.0
007 ta
008 230509b bl.|||p| |||| 00| 00por d
040 _aBR-BrBNA
_bpor
_cBiblioteca Nacional de Agricultura
041 _a(Pt)
072 _aC30
100 1 _aLima, C.R.M. de
245 1 _aEstudos de usuarios de sistemas de informacao: contribuicao metodologica da epidemiologia
650 _aSISTEMA DE INFORMACAO
650 _aCIENCIA DA INFORMACAO
773 0 _tCiencia da Informacao - Instituto Brasileiro de Informacao em Ciencia e Tecnologia (Brazil)
_xISSN 0100-1965
_g(Jul-Dec 1989), v. 18(2) p. 165-173
_wBR9200356
909 _a202311
_bLúcia
_c55
_dLúcia Elande
942 _2AGRIS
_n0
_cANA
999 _c130384
_d130384